000
00319nam a2200133Ia 4500
008
240624s9999 xx 000 0 und d
041
_a
eng
082
_a
658.4092 AXE
100
_a
AXELROD ALAN
245
_a
WINSTON CHURCHILL CEO 25 LESSONS FOR BOL
260
_c
2009
_b
Sterling
300
_a
288 p.
365
_c
_b
25
999
_c
31357
_d
31357